Statistiken für Katastralgemeinden von Eisenstadt

Klicken Sie hier um das Quiz zu spielen!

Allgemein

  • Dieses Quiz wurde 58 mal gespielt
  • Das Durchschnittsergebnis liegt bei 3 aus 5

Antworten auf der Karte

Die Antworten werden auf der Karte rot bzw. grün angezeigt, abhängig davon wie oft sie richtig erraten wurden.
 

Antwortstatistiken

Stadtteil% Korrekt
Eisenstadt
100%
Kleinhöflein im Burgenland
73%
St. Georgen
73%
Oberberg-Eisenstadt
45%
Unterberg-Eisenstadt
45%

Verteilung der Resultate

Perzentil nach korrekt beantworteten Fragen

Anzahl Personen mit jedem Resultat

Ihre Resultats-Entwicklung

Sie haben dieses Quiz noch nicht gespielt